LEADER 00998nam0-22002891i-450- 001 990003958050403321 035 $a000395805 035 $aFED01000395805 035 $a(Aleph)000395805FED01 035 $a000395805 100 $a20030508d1966----km-y0itay50------ba 101 0 $afre 102 $aBE 200 1 $a<>déterminants de la théorie générale de la valeur$eet ses applications en esthétique, en religion, en morale, en économie et en politique$fMaxime Glansdorff 205 $a2me éd. 210 $aBruxelles$cInstitut de Sociologie de l'Université Libre de Bruxelles$dc1966 215 $a404 p.$d24 cm 225 1 $aCollection de sociologie générale et de philosophie sociale 610 0 $aValore 700 1$aGlansdorff,$bMaxime$0102259 801 0$aIT$bUNINA$gRICA$2UNIMARC 901 $aBK 912 $a990003958050403321 952 $aI/1.1 GLA$b042979$fSES 959 $aSES 996 $aDeterminants de la theorie generale de la valeur$9508513 997 $aUNINA